000 00641nam a2200205 a 4500
001 000010373
005 20250129121827.0
008 091006s1983 dr r 000 p spa d
040 _aDO-SdBNP
_bspa
_cBNPHU
082 _aRD861.44
_bG261c
100 1 _aGatón Arce, Freddy,
_d1920-1994
_97946
245 1 0 _aCantos comunes /
_cFreddy Gatón Arce.
260 _aSanto Domingo :
_bTaller,
_c1983.
300 _a106 p. ;
_c19 cm.
500 _aIncluye datos biográficos del autor.
590 _aInventariado, 2018/BT
650 0 _aPoesía dominicana
_966
650 0 _aLiteratura dominicana.
_967
910 _aValidado. Control de calidad. MFF
999 _c10132
_d10132